Statystyki dla H4J4

Kliknij tutaj aby rozwiązać quiz!

Ogólne statystyki

  • Ten quiz został rozwiązany 16 razy
  • Średni wynik to 8 z 11

Statystyki odpowiedzi

HintOdpowiedź% Poprawnych
11Psie serce
90%
3
Sny euforia i łzy
70%
10Jaśmin
70%
4Kropla
70%
1Monochron
70%
9Schron
70%
7The generacja
70%
8Walka z cieniem
70%
5Czarny neon
60%
2Esencja
60%
6Przeciwdeszczowy płacz
60%

Rozkład punktacji

Percentyl według liczby udzielonych odpowiedzi

Procent ludzi z każdym wynikiem

Twoja historia wyników

Nie rozwiązałeś tego quizu